| 000 | 00867nam a2200289Ia 4500 | ||
|---|---|---|---|
| 001 | Para_7378 | ||
| 003 | CHAP | ||
| 008 | 220125s1941 xx 000 0 und d | ||
| 010 | _a206305 | ||
| 040 | _cCHAP | ||
| 082 | _aPA-C 634 B84 | ||
| 100 |
_aHunt, E.M. _9172584 |
||
| 245 |
_aGrowing strawberries in Minnesota / _c by E.M. Hunt |
||
| 260 |
_aSt. Paul, Minnesota : _b University of Minnesota. Agricultural Extension Service |
||
| 300 | _a20 p. | ||
| 440 |
_aExtension bulletin; 72 _9172585 |
||
| 500 | _aEncuadernado con otros impresos similares | ||
| 650 |
_aFresa _x Minnesota _9172586 |
||
| 650 |
_aFrutas y legumbres _x colecciones de escritos _9172581 |
||
| 901 | _aPA-C 634 B84 | ||
| 902 | _aA | ||
| 905 | _a0000001941 a 0000000000 00 | ||
| 910 | _a1941 | ||
| 942 | _cPARA | ||
| 942 |
_cPARA _d1 |
||
| 999 |
_c206305 _d206305 |
||